| 000 | 00367nam a2200145Ia 4500 | ||
|---|---|---|---|
| 999 |
_c14512 _d14512 |
||
| 082 | _a307.722 SHA-G | ||
| 100 | _aSharma, B.D. | ||
| 245 | 0 | _aGlobalisation: the tribal encounter | |
| 260 |
_aNew Delhi _bHar-Anand Publications _c1995 |
||
| 300 | _a143 | ||
| 504 | _aincludes appendix | ||
| 650 | _aGlobalization | ||
| 650 |
_aTribes and tribals _vIndia |
||
| 942 | _cBK | ||